[Event "Accentus Young Masters 2020"]
[Site "Bad Ragaz"]
[Date "2020.02.29"]
[Round "4.5"]
[White "Petrov, Nikita"]
[Black "Stijve, Theo"]
[Result "1-0"]
[WhiteElo "2592"]
[BlackElo "2249"]
[Annotator "TA"]
[PlyCount "83"]
[EventDate "2020.02.26"]
[EventType "schev"]
[EventCountry "SUI"]
[SourceTitle "playchess.com"]
[Source "ChessBase"]
[SourceQuality "1"]

{[%evp 20,83,18,19,46,34,38,39,38,37,80,73,101,101,95,95,102,64,76,81,95,92,156,162,208,205,233,233,270,283,279,290,272,288,281,273,281,279,270,276,333,333,351,342,275,195,364,375,375,375,487,502,501,501,501,501,500,499,489,438,914,875,29984,29982,29973,5899]} 1. e4 c5 2. Nf3 Nc6 3. d4 cxd4 4. Nxd4 Qc7 5. Nc3 e6 6. Be3 a6 7. Be2 Nf6 8. O-O Bb4 9. Nxc6 bxc6 {[%cal Bb7c6,Bc6c5][%mdl 32]} 10. Qd4 c5 11. Qc4 Bb7 {B49: Sicilian: Taimanov: 5 Nc3 Qc7 6 Be3 a6 7 Be2.} 12. a3 Bxc3 13. Qxc3 Bxe4 {White is slightly better.} 14. f3 Bb7 15. Qxc5 (15. Bxc5 $6 Nd5 $11) 15... Rc8 16. Qxc7 Rxc7 17. c4 d5 {[#]} 18. Bf4 $146 ({Predecessor:} 18. Rfc1 O-O 19. cxd5 Rxc1+ 20. Rxc1 Nxd5 21. Bc5 Rd8 22. g3 g5 23. b4 f5 24. Rd1 {½-½ (44) Carpenter,M (2103)-Whitfield,C (2095) England 2017}) 18... Rc8 19. b3 {[%cal Bb2b3,Bb3b4,Bb4b5][%mdl 32]} Ke7 20. Rfc1 Rhd8 ({Black should play} 20... dxc4 21. bxc4 Bc6) 21. c5 $16 Ne8 22. b4 f6 23. a4 e5 24. Bd2 Nc7 25. b5 Ne6 {intending ...Nd4.} 26. c6 ({Don't play} 26. bxa6 $6 Bc6 $16) 26... Ba8 27. Rab1 Nd4 28. Bd3 e4 29. Re1 Kf7 30. fxe4 dxe4 31. Bc4+ ({Don't do} 31. Rxe4 Nf3+ 32. gxf3 Rxd3 $18) 31... Kg6 32. Bf4 {c7 is the strong threat.} Re8 $2 {[#]} (32... axb5 33. axb5 Bxc6) 33. Re3 $18 axb5 34. axb5 Kf5 35. Rf1 Nf3+ 36. gxf3 Kxf4 37. Rxe4+ Rxe4 38. fxe4+ {KRB-KRB} Ke5 39. Bd5 Kd4 (39... Kd6 $142 40. Kf2 f5) 40. Rc1 f5 41. c7 fxe4 42. Bxa8 {Black did not feel at home in the position after the opening. Accuracy: White = 91%, Black = 47%.} 1-0

[Event "Accentus Young Masters 2020"]
[Site "Bad Ragaz"]
[Date "2020.03.01"]
[Round "5.1"]
[White "Colmenares, Aurelio"]
[Black "Diermair, Andreas"]
[Result "1-0"]
[WhiteElo "2302"]
[BlackElo "2483"]
[Annotator "TA"]
[PlyCount "71"]
[EventDate "2020.02.26"]
[EventType "schev"]
[EventCountry "SUI"]
[SourceTitle "playchess.com"]
[Source "ChessBase"]
[SourceQuality "1"]

{[%evp 35,71,0,23,8,14,0,0,0,0,0,101,32,41,61,188,188,380,390,577,582,730,727,29978,29972,29984,29983,29985,29986,29986,29986,29989,29990,29990,5522,29991,29992,29992,29991]} 1. e4 e5 2. Nf3 Nc6 3. Bb5 a6 4. Ba4 Nf6 5. O-O Be7 6. Re1 b5 7. Bb3 d6 8. c3 O-O 9. h3 Bb7 10. d4 Re8 11. Nbd2 Bf8 12. a4 h6 13. Bc2 exd4 14. cxd4 Nb4 15. Bb1 c5 16. d5 Nd7 17. Ra3 c4 18. Nd4 Qf6 19. N2f3 {C92: Closed Ruy Lopez: 9...Be6, Karpov and Flohr-Zaitsev Variations.} Nc5 20. axb5 (20. b3 {is interesting.} Nbd3 21. Bxd3 Nxd3 22. Re3 Qg6 23. axb5 axb5 24. Nxb5 Nf4 25. Ne1) 20... axb5 21. Nxb5 {The position is equal.} Rxa3 22. Nxa3 Ncd3 {[#]} (22... Ba6 $11 {remains equal.}) 23. Nxc4 $146 (23. Re3 $1 $16) ({Predecessor:} 23. Re3 Ba6 24. b3 Nxc1 25. Qxc1 Nd3 26. Bxd3 cxd3 27. Nc4 Ra8 28. Rxd3 Bxc4 29. Qxc4 {1-0 (48) Wallace,P (2242)-Fox,A (2129) Dublin 2010}) 23... Nxe1 $14 24. Nxe1 Ba6 {[#] A mistake that costs the game.} (24... Na6 $14) 25. Nb6 $1 $18 {aiming for Qa4.} Bb7 $2 (25... Na2) 26. Qa4 $1 {[%csl LRb4,LRe8][%mdl 64] Double Attack} Qd4 (26... Nxd5 $142 27. Nxd5 (27. Qxe8 Nxb6 28. Qb5 Qd4 $16) 27... Qd8) 27. Be3 Qxb2 {...Ra8! is the strong threat.} 28. Qxe8 {Black must now prevent Nd7.} Qxb1 29. Nd7 Qxe1+ 30. Kh2 Qc3 31. Qxf8+ {[%mdl 64] Double Attack} Kh7 32. Qxf7 Bc8 33. Nf8+ Kh8 34. Ng6+ Kh7 35. Ne7 {[%csl Ge7][%cal Rf7g8]} Qe5+ 36. Bf4 {Accuracy: White = 90%, Black = 46%.} 1-0

[Event "Accentus Young Masters 2020"]
[Site "Bad Ragaz"]
[Date "2020.03.01"]
[Round "5.2"]
[White "Baenziger, Fabian"]
[Black "Brunello, Sabino"]
[Result "0-1"]
[WhiteElo "2415"]
[BlackElo "2528"]
[Annotator "TA"]
[PlyCount "82"]
[EventDate "2020.02.26"]
[EventType "schev"]
[EventCountry "SUI"]
[SourceTitle "playchess.com"]
[Source "ChessBase"]
[SourceQuality "1"]

{[%evp 14,82,23,15,27,33,31,26,29,18,13,0,0,0,0,-16,5,-40,-30,-42,-39,-42,-39,-39,-47,-55,-48,-49,-48,-33,-42,-16,-26,-35,-24,-101,-110,-104,-104,-94,-101,-141,-96,-86,-56,-56,-58,-124,-74,-79,-75,-75,-43,-54,-35,-131,-131,-208,-188,-679,-678,-674,-651,-2358,-1464,-5089,-4470,-1842,-1596,-2247,-2191]} 1. d4 Nf6 2. c4 e6 3. Nf3 Bb4+ 4. Bd2 a5 5. g3 d5 6. Bg2 c6 7. Qc2 O-O 8. O-O b6 {E11: Bogo-Indian.} 9. Bf4 Be7 10. cxd5 Nxd5 {White has an edge.} 11. Bxb8 Rxb8 12. Qxc6 Ba6 {[#] Strongly threatening ...Rc8.} 13. Qc2 $1 Rc8 $36 {[%mdl 2048] Black is more active.} 14. Qd1 Qc7 {[#]} 15. Nbd2 $146 ({Predecessor:} 15. Ne5 Rfd8 16. Bxd5 Rxd5 17. Nc3 Rdd8 18. Re1 Ba3 19. Nb5 Bxb5 20. bxa3 Qc3 21. Qb1 Qxd4 22. Qxb5 {1-0 (73) Postny,E (2673)-Anurag,M (2421) Stockholm 2016}) 15... Qc2 16. Qxc2 Rxc2 17. Rfc1 Rfc8 18. Rxc2 Rxc2 19. Bf1 Bb4 20. e4 Bxf1 21. Nxf1 Nf6 22. Ne3 Rxb2 23. Rc1 h6 24. e5 (24. Rc8+ $11 {keeps the balance.} Kh7 25. e5) 24... Ne4 $17 25. Rc2 Rxc2 26. Nxc2 {[%mdl 4096] Endgame KBN-KNN} Be7 27. Kf1 Kf8 28. a3 Nc3 29. Nd2 $1 a4 30. f4 (30. f3 $15) 30... Ke8 31. Kf2 b5 32. Ke3 Kd7 33. Kd3 $1 {[%cal Rd3c3]} Nd5 34. Nb1 (34. Ne4 $1 $15) 34... b4 35. axb4 (35. Ke4 $17) 35... Nxb4+ $19 36. Kc3 $2 {[#]} (36. Nxb4 Bxb4 37. Kc4) 36... Nxc2 {Black is clearly winning.} 37. Kxc2 Bb4 38. g4 Kc6 39. f5 Kd5 40. h4 Kxd4 41. g5 hxg5 {Accuracy: White = 54%, Black = 85%.} 0-1

[Event "Accentus Young Masters 2020"]
[Site "Bad Ragaz"]
[Date "2020.03.01"]
[Round "5.3"]
[White "Studer, Noel"]
[Black "Albornoz Cabrera, Carlos Daniel"]
[Result "1-0"]
[WhiteElo "2546"]
[BlackElo "2566"]
[Annotator "TA"]
[PlyCount "77"]
[EventDate "2020.02.26"]
[EventType "schev"]
[EventCountry "SUI"]
[SourceTitle "playchess.com"]
[Source "ChessBase"]
[SourceQuality "1"]

{[%evp 13,77,0,0,0,0,-3,0,12,9,7,4,0,8,9,0,0,42,29,65,43,37,44,37,58,25,-13,-4,-40,-54,-52,-81,-94,0,0,21,15,50,51,39,45,39,35,25,-41,-40,-27,-18,-57,-7,-37,-42,-35,-35,-28,0,0,0,0,192,168,354,312,450,450,12845,12845]} 1. d4 Nf6 2. c4 e6 3. Nc3 Bb4 4. e3 O-O 5. Nf3 d5 6. Bd2 b6 7. cxd5 exd5 8. Rc1 {E51: Nimzo-Indian: Rubinstein: 4...0-0 5 Nf3 d5.} Be7 9. Bd3 Bb7 10. O-O {The position is equal.} c5 11. Ne5 Nc6 12. Be1 Rc8 {[#]} 13. Bf5 $146 ({Predecessor:} 13. f3 g6 14. Bf2 cxd4 15. Nxc6 Bxc6 16. exd4 Nh5 17. Ba6 Rb8 18. Nb5 Bb7 19. Bxb7 Rxb7 {½-½ (31) Ruokokoski,H (2185)-Schreiber,E (2358) ICCF email 2015}) 13... Ra8 14. f4 a6 (14... g6 $5 {[%cal Rg6f5]} 15. Bd3 cxd4 16. Nxc6 Bxc6 $11) 15. Bh4 g6 16. Bd3 (16. Bh3 {seems wilder.} cxd4 17. exd4 Qd6 18. a3 Bd8 19. Bg5) 16... cxd4 17. Nxc6 Bxc6 18. exd4 b5 {[%cal Bb6b5,Bb5b4][%mdl 32]} 19. Re1 Qd6 20. Re5 Bd8 21. Bg5 b4 22. Ne2 Bb6 ({Black should play} 22... Ng4 $17 23. Bxd8 Raxd8) 23. Qe1 $11 Ng4 {aiming for ...f6.} 24. Qh4 {Black must now prevent Be7.} f6 25. Qxg4 (25. Rxc6 $2 Qxc6 26. Re7 Bxd4+ 27. Kf1 (27. Nxd4 $2 Qc1+ {[%mdl 64] Double Attack} 28. Bf1 h5 $19) 27... Ne3+ 28. Kf2 Nf5+ 29. Nxd4 Nxh4 $19) 25... fxe5 26. fxe5 Bd7 {Threatens to win with ...Qxe5.} 27. Qg3 Qe6 28. Bf6 (28. Bh6 $11) 28... Rxf6 $15 29. exf6 Qxf6 30. Kh1 Bxd4 31. Nxd4 (31. Qc7 $5 {[%cal Rc7d7]} Bb5 32. Bxb5 axb5 33. Nxd4 Qxd4 34. Rf1 $11) 31... Qxd4 32. h3 Rf8 (32... Qxb2 33. Rc7 $18) 33. Rc7 Rf7 34. Bxa6 Qxb2 35. Qd6 Qxa2 $2 {[#]} (35... Qb1+ $11 {and Black is okay.} 36. Kh2 Qf5) 36. Bb7 $1 $36 {[%cal Rb7d5][%mdl 2048] [#] White is in control.} Qa1+ $2 (36... Bxh3 $1 {[%mdl 512] was worth a try.} 37. Qd8+ (37. Bxd5 Bxg2+ 38. Bxg2 Qa1+ 39. Kh2 Rxc7 $11) (37. gxh3 Rf1#) 37... Rf8 38. Bxd5+ {[%mdl 64] Double Attack} Be6 39. Bxa2 Rxd8 40. Bxe6+ Kh8) 37. Kh2 Qd4 (37... Qf6 {might work better.} 38. Qxf6 Rxf6) 38. Bxd5 ({Stronger than} 38. Rxd7 Rxd7 39. Qxd7 Qe5+ 40. Kh1 Qe1+ 41. Kh2 Qe5+ 42. g3 Qe2+ 43. Kh1 Qe1+ 44. Kh2 Qf2+ 45. Kh1 Qe1+ 46. Kh2 Qf2+ 47. Kh1 Qe1+ $11) 38... Be6 (38... Kh8 $142 39. Rxd7 Qf4+ 40. Qxf4 Rxf4) 39. Rxf7 {Accuracy: White = 82%, Black = 58%.} 1-0

[Event "Accentus Young Masters 2020"]
[Site "Bad Ragaz"]
[Date "2020.03.01"]
[Round "5.4"]
[White "Gaehwiler, Gabriel"]
[Black "Petrov, Nikita"]
[Result "1/2-1/2"]
[WhiteElo "2407"]
[BlackElo "2592"]
[Annotator "TA"]
[PlyCount "62"]
[EventDate "2020.02.26"]
[EventType "schev"]
[EventCountry "SUI"]
[SourceTitle "playchess.com"]
[Source "ChessBase"]
[SourceQuality "1"]

{[%evp 14,62,14,0,0,0,0,0,0,0,4,-4,13,-27,-18,-18,0,-9,0,0,0,-56,0,0,0,0,0,0,0,-4,0,0,0,0,0,0,0,0,0,0,0,-9,0,0,0,0,0,0,0,0,0]} 1. d4 Nf6 2. c4 e6 3. g3 d5 4. Bg2 Bb4+ 5. Nd2 O-O 6. Ngf3 b6 7. O-O Bb7 8. Ne5 a5 {E16: Queen's Indian: 4 g3 Bb7 5 Bg2 Bb4+.} 9. Qc2 c5 10. cxd5 Bxd5 11. e4 Bb7 12. dxc5 {[#]} Bxc5 $146 ({Predecessor:} 12... Qc8 13. Nd3 Bxd2 14. Bxd2 Nxe4 15. Be3 Nd7 16. c6 Bxc6 17. Rfc1 Nec5 18. Nxc5 Nxc5 19. Bxc5 bxc5 20. Qxc5 Bxg2 21. Qxc8 Rfxc8 22. Kxg2 Kf8 23. Rab1 Ke7 {½-½ (23) Mason,I (2286)-James,A (2334) ICCF email 2017}) 13. Ndc4 Qc7 {Threatens to win with ...b5.} 14. Nd3 {Bf4 is the strong threat.} Bxe4 (14... Bd6 {with more complications.} 15. e5 Bxg2 16. Kxg2 Bxe5 17. Ndxe5 b5) 15. Bxe4 Nxe4 16. Nxc5 Nxc5 17. Be3 (17. Rd1 $11) 17... Nbd7 (17... Nba6 $15) 18. Rac1 $11 {The position is equal.} Ne5 19. Nxe5 Qxe5 20. Bxc5 bxc5 21. Rfe1 Qf6 22. b3 Rac8 23. Re4 Rfd8 24. Ra4 h5 25. Rxa5 Rd5 26. Ra4 Rcd8 {[#] Hoping for ...Qf3.} 27. Rf4 Qe5 28. Re4 Qf5 {aiming for ...Rd2.} 29. Rf4 Qe5 30. Re4 Qf5 {[#] Strongly threatening ...Rd2.} 31. Rf4 Qe5 {A rather calm draw. Accuracy: White = 90%, Black = 94%.} 1/2-1/2

[Event "Accentus Young Masters 2020"]
[Site "Bad Ragaz"]
[Date "2020.03.01"]
[Round "5.5"]
[White "Stijve, Theo"]
[Black "Donchenko, Alexander"]
[Result "0-1"]
[WhiteElo "2249"]
[BlackElo "2650"]
[Annotator "TA"]
[PlyCount "82"]
[EventDate "2020.02.26"]
[EventType "schev"]
[EventCountry "SUI"]
[SourceTitle "playchess.com"]
[Source "ChessBase"]
[SourceQuality "1"]

{[%evp 11,82,0,8,-10,9,16,25,7,8,7,12,-8,-4,-10,0,0,0,0,0,0,-10,-122,-89,-96,0,0,0,0,0,0,0,0,0,0,0,0,0,0,0,0,0,0,0,0,0,0,0,0,0,0,16,0,0,0,4,0,0,0,0,0,0,0,0,0,0,-29967,-29968,-29968,-29969,-29969,-29937,-29970,-29966]} 1. e4 c6 2. d4 d5 3. e5 Bf5 4. h4 h5 5. Bd3 Bxd3 6. Qxd3 e6 {6...Qa5+ is the hot move. Played by Jeffery Xiong in February 2020.} 7. Bg5 {B12: Caro-Kann: Advance Variation.} Be7 8. Nf3 c5 {[#]} 9. Nc3 $146 {White has an edge.} ({Predecessor:} 9. dxc5 Nd7 10. b4 Bxg5 11. hxg5 Ne7 12. Nc3 a5 13. Nb5 axb4 14. Nd6+ Kf8 15. Qd4 {½-½ (52) Nepomniachtchi,I (2729)-Laznicka,V (2647) Riadh 2017}) 9... cxd4 10. Nb5 Nc6 11. Nbxd4 Nxd4 12. Qxd4 a6 13. O-O Rc8 14. Rfd1 Bxg5 15. Nxg5 Nh6 16. Ne4 (16. Rac1 $11) 16... Nf5 17. Qb4 Qe7 (17... Rxc2 $17 18. Nd6+ Nxd6 19. exd6 a5 20. Qxb7 O-O) 18. Nd6+ $11 Nxd6 19. exd6 Qd7 20. Rxd5 $1 exd5 21. Re1+ Kf8 22. Re7 Qg4 $1 {[%cal Rg4b4]} 23. d7 {[%csl Gd7][%cal Re7e8] [#]} Qxb4 24. dxc8=Q+ Kxe7 25. Qxh8 Qxb2 26. Qxh5 {[%mdl 4096] Endgame KQ-KQ} Qc1+ 27. Kh2 Qf4+ 28. Kg1 Kd6 29. g3 Qf6 30. Qg4 Kc5 31. a3 a5 32. Qd7 {And now Qc7+ would win.} Kb6 33. Qxd5 Qa1+ 34. Kg2 Qxa3 35. Qxf7 Qc3 36. Qb3+ Qxb3 37. cxb3 Kc5 38. h5 $2 {[%mdl 8192] [#]} (38. Kf3 $11) 38... b5 $1 {Black mates.} ({Not} 38... Kb4 $2 39. g4 $18) 39. g4 Kd6 40. g5 Ke7 41. f4 a4 {Accuracy: White = 85%, Black = 96%.} 0-1

[Event "Accentus Young Masters 2020"]
[Site "Bad Ragaz"]
[Date "2020.03.02"]
[Round "6.1"]
[White "Brunello, Sabino"]
[Black "Colmenares, Aurelio"]
[Result "1-0"]
[WhiteElo "2528"]
[BlackElo "2302"]
[Annotator "TA"]
[PlyCount "147"]
[EventDate "2020.02.26"]
[EventType "schev"]
[EventCountry "SUI"]
[SourceTitle "playchess.com"]
[Source "ChessBase"]
[SourceQuality "1"]

{[%evp 19,147,24,46,10,67,60,56,62,75,27,34,35,33,18,14,0,0,3,41,50,79,78,106,93,110,110,125,81,129,130,151,153,173,166,183,183,207,187,190,183,213,205,215,120,114,117,113,100,132,141,154,154,154,147,154,147,153,147,147,147,147,69,69,69,91,75,73,36,36,23,23,23,23,24,24,31,31,22,22,22,22,22,22,22,22,22,22,22,22,22,22,8,8,8,8,8,8,8,8,8,8,8,8,8,8,8,8,8,8,8,52,19,19,8,8,8,8,8,29976,29977,29977,29970,29969,29970,29980,29981,29981,29982,29982,29981]} 1. c4 Nf6 2. Nc3 d5 3. cxd5 Nxd5 4. g3 g6 5. Bg2 Nxc3 6. bxc3 Bg7 7. Rb1 O-O 8. Rxb7 Bxb7 9. Bxb7 Nd7 10. Bxa8 Qxa8 11. Nf3 {A16: English Opening: 1...Nf6 with ...d5.} Ne5 (11... Qc6 $11) 12. O-O $14 Nxf3+ 13. exf3 {White is slightly better.} Qd5 14. Qa4 Qxf3 15. Qd7 Bf6 16. Qxc7 h5 {[#]} 17. Re1 $146 ({Predecessor:} 17. h4 Qg4 18. Ba3 Rc8 19. Qb7 Bxh4 20. Bxe7 Bxe7 21. Qxe7 Qa4 22. a3 Re8 23. Qc5 {½-½ (43) Cekro,E (2380)-Lytchak,B (2260) Germany 1999}) 17... h4 18. Qf4 Qxf4 (18... Qd5 {keeps more tension.} 19. gxh4 Rc8 20. Ba3 Rc4 21. d4 Rxc3 22. Bxe7 Bxe7 23. Rxe7 Rd3) 19. gxf4 $11 {[%mdl 4096] Endgame KRB-KRB} h3 20. Kf1 Rd8 21. Re4 a5 22. Ke2 Rb8 23. Kd3 Kf8 24. Re3 Rb1 25. Kc2 $1 {[%cal Rc2b1]} Rb6 26. Rxh3 Ke8 27. d4 Re6 28. Re3 Rb6 29. a4 Kd7 30. Ba3 Rb8 31. Bc5 (31. Rh3 $18) 31... Rh8 $16 32. h3 e6 33. c4 Rh4 34. Rf3 $1 Bd8 {[#]} 35. Ba3 $1 Bc7 36. Bc1 Kc6 37. Bd2 Bb6 38. Rd3 Rh5 39. Be3 {Hoping for d5+!} Bc7 {[#]} 40. Rb3 (40. Bc1 $1 $16) 40... Rxh3 $14 41. Rb5 Rh1 42. d5+ exd5 43. cxd5+ Kd7 $1 44. Rb7 {Black must now prevent Bb6.} Kc8 45. Ra7 Rh5 46. d6 Bxd6 47. Rxf7 Rf5 $1 {[%cal Rf5f7]} 48. Rg7 Bxf4 49. Rxg6 Bxe3 $1 50. fxe3 $11 {KR-KR} Rf2+ $1 51. Kb3 Re2 52. Rc6+ Kd7 53. Rc3 Rd2 54. Kc4 {Threatens to win with Rd3+.} Kc6 $1 55. e4 Rd1 56. Rh3 Rb1 57. Rh6+ Kd7 58. Kd5 Rb4 59. Rh7+ Kd8 60. e5 Ke8 61. Ke6 {[%cal Rh7h8]} Rb6+ 62. Kf5 {Ra7 is the strong threat.} Rb4 63. Kf6 {aiming for Rh8+.} Rf4+ $1 64. Ke6 {Intending Rh8+ and mate.} Kf8 65. Rh8+ Kg7 66. Ra8 Rxa4 67. Kd7 Rd4+ 68. Ke8 $1 Rd5 $2 {[%mdl 8192] This move loses the game for Black.} (68... Re4 $11) 69. e6 {White mates.} Rh5 70. Kd7 Rd5+ 71. Kc6 Rd1 72. e7 Rc1+ 73. Kb5 Rb1+ 74. Ka4 {Accuracy: White = 88%, Black = 82%.} 1-0

[Event "Accentus Young Masters 2020"]
[Site "Bad Ragaz"]
[Date "2020.03.02"]
[Round "6.2"]
[White "Albornoz Cabrera, Carlos Daniel"]
[Black "Baenziger, Fabian"]
[Result "1-0"]
[WhiteElo "2566"]
[BlackElo "2415"]
[Annotator "TA"]
[PlyCount "59"]
[EventDate "2020.02.26"]
[EventType "schev"]
[EventCountry "SUI"]
[SourceTitle "playchess.com"]
[Source "ChessBase"]
[SourceQuality "1"]

{[%evp 9,59,27,27,17,33,34,97,89,87,90,93,81,87,83,95,85,60,99,179,176,163,161,154,159,170,174,203,189,289,282,295,289,309,228,211,203,479,471,594,585,901,881,1012,923,1028,1008,999,971,1145,1000,921,829]} 1. e4 c5 2. Nf3 d6 3. Bb5+ Nd7 4. O-O a6 5. Bd3 Ngf6 6. Re1 {B51: Sicilian: Moscow Variation (3 Bb5+) without 3...Bd7.} b5 7. a4 Bb7 (7... b4 $14) 8. axb5 $16 {White is better.} axb5 9. Rxa8 Qxa8 10. Bxb5 Bxe4 {[#]} 11. d4 $146 {dxc5 is the strong threat.} ({Predecessor:} 11. Nc3 Bxf3 12. Qxf3 Qxf3 13. gxf3 e6 14. d3 h6 15. Bd2 Kd8 16. Ra1 Kc8 17. Ra7 {1-0 (26) Csonka,B (2466)-Mesaros,F (2439) Radenci 2019}) 11... Bxf3 12. gxf3 {Threatens to win with dxc5.} cxd4 13. Qxd4 e5 {[#]} (13... e6 $16) 14. f4 $1 $18 {[%cal Rf4e5]} e4 15. Nc3 {[%cal Rc3e4]} Be7 16. Nxe4 O-O 17. Nc3 Qd8 18. b4 $36 {[%mdl 2048] White is in control.} Ng4 (18... Nb6 $142 19. Be3 Qc7) 19. Nd5 Bh4 20. Re2 Ndf6 {intending ...Nxd5.} 21. h3 Nxd5 22. hxg4 Nf6 $2 (22... Nc7) 23. g5 {White is clearly winning.} Ng4 24. Bb2 {[%csl Gb2][%cal Rd4g7] [#]} f6 25. f3 Bf2+ 26. Rxf2 Nxf2 27. Kxf2 Kh8 28. Bd3 {aiming for Qe4.} d5 29. c4 dxc4 30. gxf6 {Accuracy: White = 93%, Black = 42%.} 1-0

[Event "Accentus Young Masters 2020"]
[Site "Bad Ragaz"]
[Date "2020.03.02"]
[Round "6.3"]
[White "Petrov, Nikita"]
[Black "Studer, Noel"]
[Result "0-1"]
[WhiteElo "2592"]
[BlackElo "2546"]
[Annotator "TA"]
[PlyCount "86"]
[EventDate "2020.02.26"]
[EventType "schev"]
[EventCountry "SUI"]
[SourceTitle "playchess.com"]
[Source "ChessBase"]
[SourceQuality "1"]

{[%evp 16,86,26,29,29,26,20,12,16,21,27,35,58,8,32,-60,-47,-44,-46,-79,-78,-71,-43,-49,-77,-58,-67,-94,-91,-118,-117,-108,-120,-114,-121,-112,-123,-133,-118,-121,-94,-163,-155,-148,-154,-203,-203,-203,-202,-202,-195,-202,-187,-185,-98,-98,-98,-89,-97,-109,-93,-616,-605,-600,-592,-633,-626,-29992,-29993,-29993,-29994,-29994,-29988]} 1. e4 c5 2. Nf3 Nc6 3. Bb5 g6 4. Bxc6 dxc6 5. d3 Bg7 6. h3 Nf6 7. Nc3 Nd7 8. Be3 e5 9. Qd2 h6 {B31: Sicilian: 2...Nc6 3 Bb5 g6.} 10. O-O b6 {now supersedes 10...Qe7.} 11. Nh2 Nf8 {The position is equal.} 12. a4 {[%cal Ba2a4,Ba4a5][%mdl 32]} Ne6 13. a5 {[#]} Ba6 $146 ({Predecessor:} 13... Rb8 14. Ne2 Rb7 15. axb6 axb6 16. Ra8 Nc7 17. Ra4 Ne6 18. Rfa1 h5 19. Ra7 Qe7 {½-½ (55) Lukas,N (2376)-Gonzaga Grego,L (2403) ICCF email 2018}) 14. b3 f5 15. f3 (15. exf5 $14 gxf5 16. Rfe1) 15... f4 $15 16. Bf2 b5 {[%cal Bb6b5,Bb5b4][%mdl 32]} 17. Na2 b4 18. Rfd1 Qe7 19. c3 $1 {[%cal Rc3b4]} Rb8 20. Rac1 bxc3 $1 21. Qxc3 {[%cal Rf2c5] [#]} Rb5 $1 22. b4 {[%cal Rf2c5]} O-O 23. bxc5 Rfb8 24. Qe1 Nd4 ({Weaker is} 24... Nxc5 {[#]} 25. Nb4 $1 $14 {[%mdl 512]}) 25. Bxd4 exd4 26. Ng4 h5 ({Don't play} 26... Rxc5 27. Rxc5 Qxc5 28. Rc1 $15) 27. Nf2 Be5 28. Kh2 (28. Rc2 $17) 28... Bc8 $36 {[%mdl 2048] White is under strong pressure.} 29. Rb1 Qxc5 30. Rdc1 Rxb1 31. Rxb1 Rxb1 32. Qxb1 Qxa5 33. Nb4 Bd7 34. Nc2 Qb6 ({Better is} 34... Kg7 $19 35. Qb7 Qc7) 35. Qa2+ $17 Kg7 36. Na3 Bf6 37. Nc4 Be6 38. Qa3 $2 {[%mdl 8192] White does not recover from this.} (38. e5 $17 Bh4 39. Ne4) 38... Bxc4 $1 $19 39. dxc4 Bh4 {( -> ...Bg3+)} 40. Nd1 c5 41. Kg1 {[#] If White can now play Nb2 this consolidates a bit.} Qb1 $1 {Black mates.} 42. Qxa7+ Kh6 43. Qa4 Qc1 {Accuracy: White = 57%, Black = 90%.} 0-1

[Event "Accentus Young Masters 2020"]
[Site "Bad Ragaz"]
[Date "2020.03.02"]
[Round "6.4"]
[White "Donchenko, Alexander"]
[Black "Gaehwiler, Gabriel"]
[Result "1-0"]
[WhiteElo "2650"]
[BlackElo "2407"]
[Annotator "TA"]
[PlyCount "53"]
[EventDate "2020.02.26"]
[EventType "schev"]
[EventCountry "SUI"]
[SourceTitle "playchess.com"]
[Source "ChessBase"]
[SourceQuality "1"]

{[%evp 11,53,39,41,31,37,36,44,43,52,47,102,105,119,118,131,137,129,136,138,135,144,133,167,160,174,159,249,254,248,235,241,233,270,273,266,261,369,366,440,435,419,414,409,406]} 1. Nf3 Nf6 2. c4 e6 3. g3 d5 4. Bg2 g6 5. O-O Bg7 6. d4 O-O 7. Bf4 {D77: Fianchetto Grünfeld: 6 0-0: Replies other than 6...c6.} Nc6 {[#]} 8. Qc1 $146 ({Predecessor:} 8. Na3 Ne7 9. Rc1 c6 10. Be5 b6 11. Qb3 Bb7 12. Rfd1 Nf5 13. Nd2 Bh6 14. Nc2 Ng4 15. cxd5 exd5 {½-½ (62) Zhang,Z (2634)-Wang,C (2514) China 2016}) 8... dxc4 9. Rd1 {White is slightly better.} Nd5 10. Bg5 Bf6 (10... Nde7 $14) 11. Bxf6 $16 Nxf6 12. Na3 Kg7 13. Nxc4 Qe7 14. a3 a5 15. Qc2 Rd8 16. e4 b5 17. Nce5 Nxe5 18. dxe5 ({Resist} 18. Nxe5 $6 Bb7 $16) 18... Ne8 (18... Rxd1+ $16 19. Rxd1 Ne8) 19. Rxd8 $18 Qxd8 20. Rd1 {[%cal Ba1d1,Bd1d7,Bd7e7][%mdl 32]} Qe7 {[#]} 21. Nd4 $1 Bd7 22. Nc6 Bxc6 23. Qxc6 {[%mdl 64] Double Attack} Rb8 (23... Rd8 $142 24. Rxd8 Qxd8 25. Qxb5 Qa8) 24. Rd7 Rb6 25. Rxe7 Rxc6 26. Rxe8 Rc2 27. b4 {White took control after the opening. Accuracy: White = 100%, Black = 53%.} 1-0